000 01457nam0a2200337 4500
001 RU\NLR\bibl\1223117
005 20260405172943.0
010 _a978-5-7017-1159-2
_9500
021 _aRU
_b2008-19303
_91055
035 _a(NLR Aleph) 001209449
090 _a68811
_c68811
100 _a20080506d2008 |||y0rusy50 ca
101 0 _arus
102 _aRU
105 _aa |||||||||
200 1 _aЭкологический мониторинг пресных вод и концепции ее электрохимической очистки
_eмонография
_fХ.Б. Юнусов
_gМ-во образования Моск. обл., Моск. гос. обл. ун-т
210 _aМосква
_cИзд-во МГОУ
_d2008
215 _a148 с.
_cил.
_d21
320 _aБиблиогр.: с. 137-146 (138 назв.)
606 1 _aВодоемы
_xЗагрязнение
_xГигиеническое нормирование
_91279853
_3RU\NLR\auth\66209947
606 1 _aВода
_xОчистка
_xЭлектрохимические методы
_92193179
_3RU\NLR\auth\661318270
686 _aР121.15-2
686 _aН761.104
700 1 _4070
_7ca
_8rus
_aЮнусов
_bХ. Б.
_f1958-
_gХудайназар Бекназарович
_3RU\NLR\AUTH\7774409
_957337
801 0 _aRU
_bNLR
_c20080506
_gRCR
801 1 _aRU
_bNLR
_c20080506
830 _aавт. не раскрыть
942 _cBOOK
980 _aNB